Statistics for Country Neighbour Connect: Most Elevated, starting with World's Most Elevated

Click here to take the quiz!

General Stats

  • This quiz has been taken 111 times
  • The average score is 126 of 154

Answer Stats

COUNTRY % Correct
Nepal
100%
Bhutan
100%
India
100%
China
100%
Pakistan
100%
Indonesia
96%
Malaysia
96%
Vietnam
96%
Burma
96%
Laos
96%
Kyrgyzstan
94%
Georgia
94%
Kazakhstan
94%
Russia
94%
Iran
94%
Tajikistan
94%
Afghanistan
94%
Thailand
94%
Papua New Guinea
94%
East Timor
94%
Cambodia
94%
Brunei
94%
Azerbaijan
91%
Armenia
91%
Turkey
91%
Ethiopia
89%
Sudan
89%
Egypt
89%
Tanzania
89%
Democratic Republic of the Congo
89%
Israel
89%
Burundi
89%
Rwanda
89%
Uganda
89%
Kenya
89%
Saudi Arabia
89%
Iraq
89%
Lebanon
89%
Oman
89%
Yemen
89%
Syria
89%
United Arab Emirates
89%
Slovakia
87%
Ukraine
87%
Poland
87%
Austria
87%
Romania
87%
Germany
87%
Kosovo
87%
Montenegro
87%
Bangladesh
87%
Albania
87%
Macedonia
87%
Greece
87%
Bulgaria
87%
Switzerland
87%
Cameroon
87%
Chad
87%
Central African Republic
87%
Italy
87%
Jordan
87%
Nigeria
87%
South Sudan
87%
Niger
87%
France
87%
Spain
87%
Algeria
87%
Morocco
87%
Moldova
85%
Belarus
85%
Hungary
85%
Serbia
85%
Slovenia
85%
Bosnia and Herzegovina
85%
Croatia
85%
Lithuania
83%
Denmark
83%
Estonia
83%
Latvia
83%
Nicaragua
81%
Guatemala
81%
Honduras
81%
Costa Rica
81%
Guyana
81%
Suriname
81%
Mexico
81%
Canada
81%
Andorra
81%
Monaco
81%
Uruguay
81%
El Salvador
81%
Venezuela
81%
Belize
81%
United States
81%
Panama
81%
Colombia
81%
Vatican City
81%
Liechtenstein
81%
Luxembourg
81%
Netherlands
81%
Belgium
81%
Brazil
81%
San Marino
81%
Paraguay
81%
Argentina
81%
Bolivia
81%
Ecuador
81%
Peru
81%
Chile
81%
Burkina Faso
79%
Ghana
79%
Togo
79%
Benin
79%
Guinea-Bissau
79%
Côte d'Ivoire
79%
Gambia
79%
Senegal
79%
Guinea
79%
Ireland
79%
United Kingdom
79%
Liberia
79%
Mauritania
79%
Portugal
79%
Mali
79%
Sierra Leone
79%
Czech Republic
77%
Tunisia
72%
Libya
70%
Republic of the Congo
68%
Equatorial Guinea
68%
Gabon
68%
Mozambique
66%
Botswana
66%
Malawi
66%
Zimbabwe
66%
Lesotho
66%
Namibia
66%
Angola
66%
South Africa
66%
Djibouti
64%
Zambia
64%
Swaziland
64%
Norway
62%
South Korea
62%
Sweden
62%
Somalia
62%
North Korea
62%
Eritrea
62%
Finland
62%
Kuwait
60%
Qatar
60%
Uzbekistan
60%
Mongolia
60%
Turkmenistan
55%

Score Distribution

Percentile by Number Answered

Percent of People with Each Score

Your Score History

You have not taken this quiz